000 01396cam a2200325u 4500
001 6479637
003 ARRUPE
005 20131220135956.0
008 830106s1948 nyuabc 000 0 eng
010 _a 48011435
040 _aDLC
_cCarP
_dDLC
043 _af-go---
050 0 0 _aBV3625.G3
_bS363
100 1 _aSchweitzer, Albert,
_d1875-1965.
_96285
240 0 0 _aZwischen Wasser und Urwald.
_lEnglish [from old catalog]
245 1 0 _aOn the edge of the primeval forest & More from the primeval forest.
_bExperiences and observations of a doctor in equatorial Africa.
260 _aNew York,
_bMacmillan Co.,
_c1948.
300 _avii, 222 p.
_billus., ports., map.
_c23 cm.
600 1 0 _aSchweitzer, Albert,
_d1875-1965.
_96286
650 0 _aMissions
_zGabon. [from old catalog]
_96287
650 0 _aMissions, Medical
_zGabon. [from old catalog]
_96288
650 0 _aMissionaries, Medical
_zGabon
_xBiography. [from old catalog]
_96289
650 0 _aMissionaries, Medical
_zSwitzerland
_xBiography. [from old catalog]
_96290
651 0 _aLambarene, Gabon. [from old catalog]
_96291
700 1 2 _aSchweitzer, Albert,
_d1875-1965.
_tMitteilungen aus Lambarene.
_lEnglish.
_f1948.
_96292
700 1 _aCampion, Charles Thomas,
_d1862- [from old catalog]
_etr.
_96293
740 0 _aMore from the primeval forest.
906 _a0
_bcbc
_cpremver
_du
_encip
_f19
_gy-gencatlg
942 _2lcc
_cMONOGRAPH
999 _c119444
_d119444